00431 2200181 4500001002100000008004100021035002000062245002900082250001000111260003500121300001400156020001800170084001600188082001000204650001000214990001300224990001200237INLIS000000000000422 ind  a0010-0921000422 aGuru BarucCitra Mustika aCet.1 aBandungbMuffin Graphicsc2020 a92c21 cm a9786023678143 a741.3 CIT g a741.3 aKomik aDI. 2588 aDI 2588